| 000 | 00680nam a2200133Ia 4500 | ||
|---|---|---|---|
| 008 | 171212s9999 xx 000 0 und d | ||
| 020 | _a9781921313585 | ||
| 245 |
_ceditor Morphy, Frances _aAgency, Contingency and Census Process _bObservations of the 2006 Indigenous Enumeration Strategy in remote Aboriginal Australia |
||
| 260 |
_bANU E Press _c2007 |
||
| 440 | _aCentre for Aboriginal Economic Policy Research (CAEPR) | ||
| 650 | _aIndigenous Enumeration Strategy; Aboriginal Australians -- Census; Aboriginal Australians -- Population -- Statistics; Census -- Methodology. Australia -- Census, 2006 | ||
| 650 | _aSociology | ||
| 856 | _uwww.jstor.org/stable/10.2307/j.ctt24hchh | ||
| 999 |
_c350982 _d350982 |
||